[Event "Canarias-chT"]
[Site "San Cristobal de La Laguna"]
[Date "2017.06.23"]
[Round "2.1"]
[White "Martin Jorge, Daniel"]
[Black "Hernandez Matos, Rosendo"]
[Result "1-0"]
[WhiteElo "1870"]
[BlackElo "1494"]
[PlyCount "102"]
[EventDate "2017.06.22"]
[EventType "team-swiss"]
[EventRounds "6"]
[EventCountry "ESP"]
[SourceTitle "EXT 2024"]
[Source "ChessBase"]
[SourceDate "2023.10.10"]
[SourceVersion "1"]
[SourceVersionDate "2023.10.10"]
[SourceQuality "1"]
[WhiteTeam "Universidad"]
[BlackTeam "Roque Niquiomo II"]
[WhiteTeamCountry "ESP"]
[BlackTeamCountry "ESP"]

1. e4 e5 2. Nf3 Nc6 3. d4 exd4 4. Nxd4 Ne5 5. Bf4 Ng6 6. Bg3 Bc5 7. c3 d6 8. Nd2 Nf6 9. Bd3 Bg4 10. Qb3 0-0 11. h3 Bd7 12. 0-0 Nh5 13. Bh2 Nhf4 14. Qc2 Qg5 15. g3 Nxh3+ 16. Kh1 Qf6 17. N2b3 Ne5 18. f3 Bb6 19. Qe2 Rae8 20. Nd2 Nc6 21. Nc2 d5 22. Ne3 Qh6 23. Nxd5 Kh8 24. Nxb6 cxb6 25. f4 Ne7 26. Bb5 Nc6 27. Rad1 a6 28. Bd3 b5 29. Rde1 Rd8 30. Nf3 Bg4 31. Qe3 Rd7 32. Bc2 Rfd8 33. Rd1 Ne5 34. Nxe5 Bxd1 35. Bxd1 Re7 36. Nf3 Qg6 37. Bc2 h6 38. Kg2 Qh5 39. Ne5 f6 40. Nd3 g5 41. Qf3 g4 42. Qe3 Qf7 43. a3 h5 44. Re1 f5 45. Ne5 Qf6 46. exf5 Rxe5 47. fxe5 Qc6+ 48. Be4 Qc4 49. Qh6+ Kg8 50. Qg6+ Kf8 51. Qf6+ Kg8 1-0

[Event "Tenerife-chT Primera 1617"]
[Site "Tenerife"]
[Date "2016.12.17"]
[Round "2.2"]
[White "Perez Garcia, Saul"]
[Black "Martin Jorge, Daniel"]
[Result "1-0"]
[WhiteElo "1729"]
[BlackElo "1905"]
[PlyCount "81"]
[EventDate "2016.12.10"]
[EventType "team-tourn"]
[EventRounds "14"]
[EventCountry "ESP"]
[SourceTitle "CBM 176 Extra"]
[Source "ChessBase"]
[SourceDate "2017.03.02"]
[SourceVersion "1"]
[SourceVersionDate "2017.03.02"]
[SourceQuality "1"]
[WhiteTeam "Casa de Venezuela Ebano II"]
[BlackTeam "Universidad"]
[WhiteTeamCountry "ESP"]
[BlackTeamCountry "ESP"]

1. d4 Nf6 2. Bg5 e6 3. e4 c5 4. d5 h6 5. Bxf6 Qxf6 6. Nc3 d6 7. Nf3 a6 8. a4 Nd7 9. Bd3 Be7 10. 0-0 0-0 11. Nd2 e5 12. Nc4 Re8 13. Ne2 Bf8 14. Qd2 Rb8 15. a5 g6 16. f4 Qe7 17. Ng3 Bg7 18. f5 Kh7 19. Rf3 Rf8 20. Raf1 Bf6 21. b4 g5 22. Nh5 Rd8 23. Ne3 b5 24. axb6 Rxb6 25. bxc5 Nxc5 26. Nxf6+ Qxf6 27. Ng4 Qg7 28. Rh3 f6 29. Rxh6+ Qxh6 30. Nxh6 Kxh6 31. h4 Rg8 32. hxg5+ Rxg5 33. Rf3 Kg7 34. Rh3 Rb7 35. Qa5 Rd7 36. Qb6 Bb7 37. Qa7 Bxd5 38. Qb8 Bg8 39. Bc4 Bxc4 40. Qh8+ Kf7 41. Rh7+ 1-0

[Event "Tenerife-chT Preferente 1516"]
[Site "Tenerife"]
[Date "2016.04.02"]
[Round "11.3"]
[White "Meneses Gonzalez, Kevin Moises"]
[Black "Martin Jorge, Daniel"]
[Result "1-0"]
[WhiteElo "2327"]
[BlackElo "1942"]
[PlyCount "73"]
[EventDate "2015.12.12"]
[EventType "team-tourn"]
[EventRounds "14"]
[EventCountry "ESP"]
[SourceTitle "EXT 2017"]
[Source "ChessBase"]
[SourceDate "2016.10.25"]
[SourceVersion "1"]
[SourceVersionDate "2016.10.25"]
[SourceQuality "1"]
[WhiteTeam "Cajacanarias"]
[BlackTeam "Universidad"]
[WhiteTeamCountry "ESP"]
[BlackTeamCountry "ESP"]

1. e4 c5 2. Nf3 d6 3. d4 cxd4 4. Qxd4 Nc6 5. Bb5 e5 6. Qd3 Be7 7. Nc3 a6 8. Bc4 Nf6 9. Bg5 Be6 10. Bxf6 Bxf6 11. Nd5 Bxd5 12. Bxd5 0-0 13. c3 Rc8 14. 0-0 Qc7 15. Rfd1 Be7 16. a4 Nb8 17. a5 Nd7 18. Nd2 Nf6 19. Bb3 Rfd8 20. Nf1 b5 21. Ne3 Qc5 22. Bd5 Rc7 23. Rdc1 g6 24. g3 Rb8 25. Kg2 Bf8 26. b4 Qa7 27. Rf1 Rbc8 28. Rac1 Bh6 29. f4 exf4 30. gxf4 Re7 31. Rf3 Rce8 32. Bc6 Rd8 33. Rcf1 Qc7 34. Nd5 Nxd5 35. Bxd5 Bg7 36. f5 Red7 37. fxg6 1-0

[Event "Tenerife-chT Preferente 1516"]
[Site "Tenerife"]
[Date "2016.03.12"]
[Round "10.3"]
[White "Lopez Pereyra, Antonio"]
[Black "Martin Jorge, Daniel"]
[Result "1-0"]
[WhiteElo "2125"]
[BlackElo "1942"]
[PlyCount "39"]
[EventDate "2015.12.12"]
[EventType "team-tourn"]
[EventRounds "14"]
[EventCountry "ESP"]
[SourceTitle "EXT 2017"]
[Source "ChessBase"]
[SourceDate "2016.10.25"]
[SourceVersion "1"]
[SourceVersionDate "2016.10.25"]
[SourceQuality "1"]
[WhiteTeam "Rey Ahogado"]
[BlackTeam "Universidad"]
[WhiteTeamCountry "ESP"]
[BlackTeamCountry "ESP"]

1. e4 c5 2. Nf3 d6 3. d4 cxd4 4. Nxd4 Nf6 5. Nc3 a6 6. Bc4 e6 7. Bb3 Nbd7 8. Bg5 Be7 9. Bxe6 Nc5 10. Bxc8 Rxc8 11. Nf5 0-0 12. 0-0 Ne6 13. Nxe7+ Qxe7 14. Nd5 Qd8 15. Bxf6 gxf6 16. Qh5 Nc7 17. Ne3 Ne6 18. Rad1 Rc5 19. Nf5 Kh8 20. Qh6 1-0

[Event "Tenerife-chT Primera"]
[Site "Tenerife"]
[Date "2015.03.07"]
[Round "5.3"]
[White "Afonso Martin, Adasat"]
[Black "Martin Jorge, Daniel"]
[Result "1/2-1/2"]
[WhiteElo "1673"]
[BlackElo "1942"]
[PlyCount "114"]
[EventDate "2015.01.24"]
[EventType "swiss"]
[EventRounds "14"]
[EventCountry "ESP"]
[SourceTitle "EXT 2024"]
[Source "ChessBase"]
[SourceDate "2023.10.10"]
[SourceVersion "1"]
[SourceVersionDate "2023.10.10"]
[SourceQuality "1"]
[WhiteTeam "La Victoria 94"]
[BlackTeam "Universidad"]
[WhiteTeamCountry "ESP"]
[BlackTeamCountry "ESP"]

1. e4 c5 2. Nc3 d6 3. Bb5+ Nc6 4. Bxc6+ bxc6 5. f4 e6 6. Nf3 Nf6 7. d3 Be7 8. 0-0 0-0 9. Qe1 d5 10. e5 Nd7 11. Bd2 f5 12. exf6 Nxf6 13. Ng5 Qd7 14. Qg3 h6 15. Nf3 Bd6 16. Ne5 Qe7 17. Rae1 d4 18. Ne4 Nd5 19. Nxd6 Qxd6 20. Ng4 Kh7 21. Ne5 Ne7 22. h4 Bd7 23. h5 Rf6 24. c4 Rg8 25. Qf3 Be8 26. Qe4+ Kh8 27. g4 Rgf8 28. Nf3 g5 29. Kg2 gxf4 30. Ne5 Rg8 31. Bxf4 Kg7 32. Ng6 Bxg6 33. Qxg6+ Nxg6 34. Bxd6 Rd8 35. Be5 Nxe5 36. Rxe5 Rxf1 37. Kxf1 Kf6 38. Rxc5 Rc8 39. Kf2 Rb8 40. b3 Rc8 41. Kf3 Ke7 42. Ke4 Kd6 43. Kxd4 Rg8 44. g5 hxg5 45. h6 Rh8 46. Rxg5 Rxh6 47. Ra5 Rh4+ 48. Kc3 Rh7 49. c5+ Kd5 50. b4 e5 51. Ra3 Rg7 52. Rb3 Rb7 53. Rb2 Rb8 54. Rg2 a5 55. Rb2 Rb5 56. a4 axb4+ 57. Rxb4 Rxc5+ 1/2-1/2

[Event "Tenerife-chT-A1"]
[Site "Tenerife"]
[Date "2013.04.06"]
[Round "10.1"]
[White "Martin Jorge, Daniel"]
[Black "Martin Ortega, Oscar"]
[Result "1-0"]
[WhiteElo "1954"]
[BlackElo "1909"]
[PlyCount "133"]
[EventDate "2013.01.19"]
[EventType "team-tourn"]
[EventRounds "14"]
[EventCountry "ESP"]
[SourceTitle "EXT 2014"]
[Source "ChessBase"]
[SourceDate "2013.11.20"]
[SourceVersion "1"]
[SourceVersionDate "2013.11.20"]
[SourceQuality "1"]
[WhiteTeam "Universidad Asados Los Guanches"]
[BlackTeam "La Victoria 94"]
[WhiteTeamCountry "ESP"]
[BlackTeamCountry "ESP"]

1. e4 c5 2. Nf3 e6 3. d4 cxd4 4. Nxd4 a6 5. c4 Nf6 6. e5 Qa5+ 7. Nc3 Qxe5+ 8. Be2 Nc6 9. Nc2 Qc7 10. 0-0 Bd6 11. f4 Be7 12. Be3 d6 13. a3 0-0 14. Nd4 Nxd4 15. Qxd4 Bd7 16. Rac1 Rfd8 17. b4 Rac8 18. Rfd1 Qb8 19. Bf3 Bc6 20. Be2 d5 21. c5 Ne4 22. Nxe4 dxe4 23. Qc3 Bf6 24. Qc2 Qc7 25. Rxd8+ Rxd8 26. Rd1 Bd5 27. Kf2 g6 28. g3 Bg7 29. Bg4 f5 30. Be2 Kf7 31. Qc1 Bb3 32. Rxd8 Qxd8 33. c6 Qc7 34. cxb7 Qxb7 35. Qc5 Bd5 36. Qa5 Bb2 37. Bxa6 Qc6 38. Bc5 e3+ 39. Bxe3 Qc2+ 40. Be2 Qe4 41. Qc7+ Kg8 42. Qc8+ Kg7 43. Qc5 Qg2+ 44. Ke1 Qxh2 45. Bd4+ Bxd4 46. Qxd4+ Kg8 47. Qc3 Qg1+ 48. Kd2 Qb6 49. a4 Qd6 50. Qc5 Qd7 51. a5 Bf3+ 52. Ke3 Bxe2 53. Kxe2 Qb7 54. Qc3 h5 55. Kd2 h4 56. gxh4 Qg2+ 57. Kd1 Qf1+ 58. Kc2 Qxf4 59. Qc8+ Kf7 60. Qd7+ Kf6 61. Qd8+ Kf7 62. Kc3 Qe3+ 63. Kc4 f4 64. Qd7+ Kf6 65. Qd4+ Qxd4+ 66. Kxd4 Kf5 67. a6 1-0

[Event "Santa Lucia op 2nd"]
[Site "Santa Lucia"]
[Date "2008.07.15"]
[Round "2.2"]
[White "Hernando Rodrigo, Jose Maria"]
[Black "Martin Jorge, Daniel"]
[Result "1-0"]
[WhiteElo "2377"]
[BlackElo "1971"]
[PlyCount "45"]
[EventDate "2008.07.14"]
[EventType "swiss"]
[EventRounds "7"]
[EventCountry "ESP"]
[SourceTitle "EXT 2024"]
[Source "ChessBase"]
[SourceDate "2023.10.10"]
[SourceVersion "1"]
[SourceVersionDate "2023.10.10"]
[SourceQuality "1"]

1. d4 Nf6 2. c4 e6 3. Nc3 d5 4. Bg5 Be7 5. cxd5 exd5 6. e3 Bf5 7. Bxf6 Bxf6 8. Qb3 c6 9. Qxb7 Qb6 10. Qxb6 axb6 11. Rc1 0-0 12. Nge2 Re8 13. Ng3 Bg6 14. Be2 Nd7 15. 0-0 c5 16. Nxd5 Rxa2 17. Bb5 Rd8 18. Rfd1 cxd4 19. Bxd7 Rxd7 20. Rc8+ Bd8 21. Nxb6 Rd6 22. Nc4 Rd5 23. Rxd4 1-0